| 000 | 00774nam a22002177a 4500 | ||
|---|---|---|---|
| 003 | OSt | ||
| 005 | 20160530142646.0 | ||
| 008 | 131002t xxu||||| |||| 00| 0 eng d | ||
| 020 | _a1042-9018 | ||
| 050 |
_aAS 8 _b.As811 1996 |
||
| 082 |
_aGLT 379.1155 _bAs7 1996 |
||
| 100 |
_aGuskey, Thomas R., ed. _922747 |
||
| 110 |
_aASCD _922510 |
||
| 245 |
_aASCD yearbook 1996 : _bcommunicating student learning / _cedited by Thomas R. Guskey. |
||
| 260 |
_aAlexandria, Va : _bAssociation for Supervision and Curriculum Development, _c1996 |
||
| 300 |
_av, 192 p. : _bill. ; _c28 cm. |
||
| 650 |
_aSchool management and organization-- _xUnited States _xPeriodicals _922748 |
||
| 650 |
_aSchool Supervision _xUnited States _xPeriodicals _922749 |
||
| 942 |
_2lcc _cBK |
||
| 999 |
_c12635 _d12635 |
||